[Event "GER-ch blitz (Women)"]
[Site "Magdeburg"]
[Date "2022.08.13"]
[Round "7"]
[White "Silz, Elisa"]
[Black "Khrapko, Marharyta"]
[Result "0-1"]
[WhiteElo "1950"]
[BlackElo "2036"]
[PlyCount "42"]
[EventDate "2022.08.13"]
[EventType "tourn (blitz)"]
[EventRounds "23"]
[EventCountry "GER"]
[SourceTitle "CBM 209 Extra"]
[Source "ChessBase"]
[SourceDate "2022.09.30"]
[SourceVersion "1"]
[SourceVersionDate "2022.09.30"]
[SourceQuality "1"]

1. e4 c5 2. Nf3 Nc6 3. Bb5 Nd4 4. Nc3 e6 5. 0-0 a6 6. Bd3 Ne7 7. a4 Nec6 8. e5 Nxf3+ 9. Qxf3 Nxe5 10. Qe2 Nxd3 11. Qxd3 Be7 12. Ne4 d5 13. Ng3 0-0 14. f4 Rb8 15. Qe2 b5 16. axb5 axb5 17. b3 Bf6 18. Ra7 c4 19. Ba3 b4 20. Bc1 Qb6+ 21. Qf2 Bd4 0-1

[Event "GER-ch blitz (Women)"]
[Site "Magdeburg"]
[Date "2022.08.13"]
[Round "23"]
[White "Silz, Elisa"]
[Black "Paehtz, Elisabeth"]
[Result "1/2-1/2"]
[WhiteElo "1950"]
[BlackElo "2390"]
[PlyCount "95"]
[EventDate "2022.08.13"]
[EventType "tourn (blitz)"]
[EventRounds "23"]
[EventCountry "GER"]
[SourceTitle "CBM 209 Extra"]
[Source "ChessBase"]
[SourceDate "2022.09.30"]
[SourceVersion "1"]
[SourceVersionDate "2022.09.30"]
[SourceQuality "1"]

1. d4 Nf6 2. Nf3 g6 3. c4 Bg7 4. Nc3 0-0 5. e4 c6 6. Be2 d5 7. cxd5 cxd5 8. e5 Ne8 9. 0-0 Nc6 10. Be3 Nc7 11. Qb3 a6 12. a4 Rb8 13. Rac1 Be6 14. Rfd1 Qd7 15. Qc2 h6 16. Nd2 Bf5 17. Bd3 Nb4 18. Bxf5 gxf5 19. Qb1 e6 20. Nb3 b6 21. a5 bxa5 22. Nc5 Qe7 23. g3 Na8 24. Qa1 Qd8 25. N3a4 Re8 26. Bd2 Nc7 27. Nc3 Nc6 28. Ne2 Nb4 29. Qxa5 Nc6 30. Qa1 Ra8 31. Ba5 Nxa5 32. Qxa5 Nb5 33. Qxd8 Rexd8 34. Nc3 Nxc3 35. Rxc3 Rdb8 36. Ra3 Rxb2 37. Rxa6 Rxa6 38. Nxa6 Bf8 39. Rc1 Rd2 40. Rc8 Rxd4 41. Nc5 Kg7 42. Nd7 Be7 43. Re8 Bb4 44. Nf6 h5 45. Rg8+ Kh6 46. Rh8+ Kg6 47. Rg8+ Kh6 48. Rh8+ 1/2-1/2

[Event "GER-ch blitz (Women)"]
[Site "Magdeburg"]
[Date "2022.08.13"]
[Round "10"]
[White "Skibbe, Diana"]
[Black "Silz, Elisa"]
[Result "0-1"]
[WhiteElo "2004"]
[BlackElo "1950"]
[PlyCount "124"]
[EventDate "2022.08.13"]
[EventType "tourn (blitz)"]
[EventRounds "23"]
[EventCountry "GER"]
[SourceTitle "CBM 209 Extra"]
[Source "ChessBase"]
[SourceDate "2022.09.30"]
[SourceVersion "1"]
[SourceVersionDate "2022.09.30"]
[SourceQuality "1"]

1. e4 g6 2. d4 Bg7 3. Nc3 c5 4. Nf3 cxd4 5. Nxd4 Nc6 6. Nb3 Nf6 7. Be2 0-0 8. 0-0 d6 9. Be3 a6 10. a4 Be6 11. Nd5 Nxe4 12. Bb6 Qd7 13. Nc7 Rac8 14. Nxe6 Qxe6 15. c3 Nf6 16. Nd4 Nxd4 17. Bxd4 Qd7 18. Bf3 e5 19. Bb6 d5 20. Re1 e4 21. Be2 Qc6 22. Bd4 Rfd8 23. Bf1 Nd7 24. Bxg7 Kxg7 25. Qd4+ Kg8 26. Rad1 Nf8 27. g3 Ne6 28. Qe5 Qd6 29. Qxd6 Rxd6 30. Rxe4 Nc5 31. Red4 Rcd8 32. Bg2 a5 33. Bxd5 Kf8 34. c4 Nxa4 35. R4d2 Nc5 36. Kg2 b6 37. Rd4 Na6 38. R1d3 Nb4 39. Rf3 Nxd5 40. cxd5 Rxd5 41. Rxd5 Rxd5 42. Rf6 b5 43. Ra6 a4 44. Kf3 Rd2 45. Ke3 Rxb2 46. f4 Rxh2 47. Kd4 Rg2 48. Ke5 Kg7 49. Rb6 Rb2 50. g4 a3 51. Ra6 b4 52. f5 gxf5 53. gxf5 f6+ 54. Ke6 a2 55. Ra7+ Kh6 56. Kxf6 b3 57. Ra4 Rh2 58. Ke7 Rh1 59. f6 Re1+ 60. Kf7 a1Q 61. Rh4+ Kg5 62. Rxh7 Qxf6+ 0-1

[Event "GER-ch blitz (Women)"]
[Site "Magdeburg"]
[Date "2022.08.13"]
[Round "4"]
[White "Zhou, Lepu Coco"]
[Black "Silz, Elisa"]
[Result "0-1"]
[WhiteElo "1848"]
[BlackElo "1950"]
[PlyCount "161"]
[EventDate "2022.08.13"]
[EventType "tourn (blitz)"]
[EventRounds "23"]
[EventCountry "GER"]
[SourceTitle "CBM 209 Extra"]
[Source "ChessBase"]
[SourceDate "2022.09.30"]
[SourceVersion "1"]
[SourceVersionDate "2022.09.30"]
[SourceQuality "1"]

1. e4 g6 2. d4 Bg7 3. Nc3 c5 4. d5 d6 5. f4 h5 6. Nf3 Bg4 7. Be2 Nh6 8. 0-0 a6 9. h3 Bxf3 10. Bxf3 b5 11. a3 Nd7 12. Qe2 0-0 13. e5 dxe5 14. d6 exd6 15. Bxa8 Qxa8 16. fxe5 Nxe5 17. Ne4 Nf5 18. Bf4 Nd4 19. Qe3 Nxc2 20. Qe2 Nxa1 21. Rxa1 Qc6 22. Rd1 d5 23. Ng5 Re8 24. Qf2 f6 25. Nf3 Nxf3+ 26. Qxf3 Rd8 27. Qd3 f5 28. b4 c4 29. Qg3 d4 30. Bg5 Re8 31. Re1 Rxe1+ 32. Qxe1 Qe4 33. Qg3 Be5 34. Bf4 Qxf4 35. Qxg6+ Bg7 36. Qe8+ Kh7 37. Qxh5+ Qh6 38. Qxf5+ Kg8 39. Qd5+ Kh7 40. Qe4+ Qg6 41. Qh4+ Kg8 42. Qd8+ Bf8 43. Qd5+ Qf7 44. Qg5+ Qg7 45. Qd5+ Kh8 46. Qh5+ Qh7 47. Qe5+ Kg8 48. Qd5+ Qf7 49. Qg5+ Bg7 50. Qd8+ Qf8 51. Qd5+ Kh7 52. Qe4+ Kh8 53. Qh4+ Kg8 54. Qe4 d3 55. Qd5+ Qf7 56. Qd8+ Kh7 57. Qh4+ Bh6 58. Qe4+ Kg7 59. Qd4+ Kg8 60. Qg4+ Qg7 61. Qe6+ Kh8 62. Qe8+ Kh7 63. Qe4+ Kh8 64. Qe8+ Qg8 65. Qe5+ Kh7 66. Qe4+ Qg6 67. Qe7+ Bg7 68. Qh4+ Kg8 69. Qd8+ Bf8 70. Qd5+ Kg7 71. Qd7+ Kh6 72. g4 Qb6+ 73. Kg2 Qf6 74. Qd5 Kh7 75. Qd7+ Qf7 76. Qd4 Bg7 77. Qb6 d2 78. Qd6 Qb7+ 79. Kg3 Be5+ 80. Qxe5 d1Q 81. Qf5+ 0-1

[Event "BL2 West 2122 (Women)"]
[Site "Germany"]
[Date "2022.03.19"]
[Round "4.3"]
[White "Silz, Elisa"]
[Black "Muedder, Melanie"]
[Result "1-0"]
[WhiteElo "1934"]
[BlackElo "1830"]
[PlyCount "75"]
[EventDate "2021.11.27"]
[EventType "team-tourn"]
[EventRounds "7"]
[EventCountry "GER"]
[SourceTitle "EXT 2023"]
[Source "ChessBase"]
[SourceDate "2022.10.05"]
[SourceVersion "1"]
[SourceVersionDate "2022.10.05"]
[SourceQuality "1"]
[WhiteTeam "Kiel Doppelbauer (W)"]
[BlackTeam "Solingen (W)"]
[WhiteTeamCountry "GER"]
[BlackTeamCountry "GER"]

1. d4 Nf6 2. c4 g6 3. Nf3 Bg7 4. Nc3 d5 5. Bg5 Ne4 6. Bh4 Nxc3 7. bxc3 dxc4 8. Qa4+ Qd7 9. Qxc4 b6 10. Bg3 c5 11. Ne5 Bxe5 12. dxe5 Ba6 13. Qe4 0-0 14. Rd1 Qb5 15. Bf4 Nc6 16. a4 Qb2 17. Qxc6 Rad8 18. Rxd8 Rxd8 19. f3 Qxc3+ 20. Kf2 Qd4+ 21. Kg3 Qd1 22. Qc7 Bc8 23. Kf2 Qd4+ 24. Be3 Qd5 25. g3 Bb7 26. Qxe7 Rd7 27. Qf6 Qc6 28. Qxc6 Bxc6 29. a5 Re7 30. axb6 axb6 31. Bg2 Rxe5 32. Rb1 b5 33. f4 Rxe3 34. Bxc6 Rc3 35. Rxb5 f6 36. Rb7 h6 37. Bd5+ Kh8 38. Rc7 1-0

[Event "Bremen Silvester op"]
[Site "Bremen"]
[Date "2021.12.28"]
[Round "3"]
[White "Silz, Elisa"]
[Black "Nordhorn, Horst"]
[Result "1-0"]
[WhiteElo "2004"]
[BlackElo "1659"]
[PlyCount "41"]
[EventDate "2021.12.21"]
[EventType "swiss"]
[EventRounds "7"]
[EventCountry "GER"]
[SourceTitle "CBM 205 Extra"]
[Source "ChessBase"]
[SourceDate "2022.01.31"]
[SourceVersion "1"]
[SourceVersionDate "2022.01.31"]
[SourceQuality "1"]

1. d4 f5 2. g3 Nf6 3. Bg2 c6 4. c4 g6 5. Nh3 Bg7 6. 0-0 0-0 7. d5 cxd5 8. cxd5 e5 9. dxe6 dxe6 10. Qb3 Qb6 11. Qxb6 axb6 12. Nc3 Nc6 13. Be3 Nd7 14. a3 Bd4 15. Bxc6 Bxe3 16. Bxd7 Bxf2+ 17. Nxf2 Bxd7 18. Nd3 Bc6 19. Ne5 Kg7 20. Rad1 Kf6 21. Nd7+ 1-0

[Event "Oberliga Nord O 1920"]
[Site "Germany"]
[Date "2021.08.14"]
[Round "8.7"]
[White "Silz, Elisa"]
[Black "Giese, Reinhard"]
[Result "1-0"]
[WhiteElo "2033"]
[BlackElo "2106"]
[PlyCount "79"]
[EventDate "2019.09.29"]
[EventType "team-tourn"]
[EventRounds "9"]
[EventCountry "GER"]
[SourceTitle "EXT 2023"]
[Source "ChessBase"]
[SourceDate "2022.10.05"]
[SourceVersion "1"]
[SourceVersionDate "2022.10.05"]
[SourceQuality "1"]
[WhiteTeam "Berlin Empor"]
[BlackTeam "Spandau Zitadelle"]
[WhiteTeamCountry "GER"]
[BlackTeamCountry "GER"]

1. d4 Nf6 2. Nf3 g6 3. c4 Bg7 4. Nc3 d6 5. e4 0-0 6. Be3 Na6 7. h3 c5 8. d5 Bd7 9. Be2 Nc7 10. 0-0 Rb8 11. e5 Nfe8 12. Qd2 dxe5 13. Bxc5 b6 14. Be3 Na6 15. Rad1 Rc8 16. Bh6 f6 17. Bxg7 Kxg7 18. Ne4 Nc5 19. Nxc5 bxc5 20. b4 Nd6 21. Rc1 Qb6 22. a3 e4 23. Ne1 e5 24. Nc2 f5 25. Qc3 Rfe8 26. Na1 Rb8 27. bxc5 Qxc5 28. Rb1 Nb5 29. Qa5 f4 30. cxb5 f3 31. Rfc1 Qe7 32. Bf1 Qg5 33. Qxa7 Re7 34. Qxb8 fxg2 35. Be2 e3 36. Qb6 Bxh3 37. Qxe3 Qh4 38. Qg3 Qh6 39. d6 Rf7 40. Qxe5+ 1-0

[Event "BL2 West 1920 (Women)"]
[Site "Germany"]
[Date "2020.02.02"]
[Round "5.2"]
[White "Braeutigam, Irina"]
[Black "Silz, Elisa"]
[Result "1-0"]
[WhiteElo "2054"]
[BlackElo "2062"]
[PlyCount "99"]
[EventDate "2019.09.14"]
[EventType "team-tourn"]
[EventRounds "7"]
[EventCountry "GER"]
[SourceTitle "EXT 2021"]
[Source "ChessBase"]
[SourceDate "2020.10.23"]
[SourceVersion "1"]
[SourceVersionDate "2020.10.23"]
[SourceQuality "1"]
[WhiteTeam "Luebeck (W)"]
[BlackTeam "Kiel Doppelbauer (W)"]
[WhiteTeamCountry "GER"]
[BlackTeamCountry "GER"]

1. e4 c5 2. Nc3 d6 3. Nf3 Nf6 4. Bc4 e6 5. d4 cxd4 6. Nxd4 a6 7. a4 Be7 8. 0-0 0-0 9. Be3 Qc7 10. Qe2 b6 11. f3 Bd7 12. Kh1 Rc8 13. Bd3 Be8 14. f4 Qb7 15. Bg1 Nc6 16. Rae1 Nb4 17. Bc4 Rc7 18. Bb3 Nd7 19. f5 Nc5 20. fxe6 Nxb3 21. exf7+ Bxf7 22. cxb3 Bf6 23. Qd1 Rd8 24. Nf5 Be5 25. Bd4 Nc6 26. Bxe5 Nxe5 27. Nd5 Bxd5 28. exd5 Rf7 29. h3 Qd7 30. Ne3 Rdf8 31. Nc4 Nf3 32. Nxb6 Qd8 33. Rxf3 Rxf3 34. gxf3 Qxb6 35. Kg2 Qd8 36. Qd2 Qf6 37. Qe3 Kh8 38. Re2 h5 39. Rf2 h4 40. Qe6 Qg5+ 41. Qg4 Qf6 42. f4 g6 43. Qg5 Qd4 44. Qxh4+ Kg7 45. Qe7+ Rf7 46. Qxd6 Rf5 47. Re2 Rxd5 48. Qe7+ Kh6 49. Qf8+ Kh5 50. Re5+ 1-0

[Event "Oberliga Nord O 1920"]
[Site "Germany"]
[Date "2020.01.19"]
[Round "5.8"]
[White "Silz, Elisa"]
[Black "Kuersten, Ruediger"]
[Result "0-1"]
[WhiteElo "2010"]
[BlackElo "2184"]
[PlyCount "60"]
[EventDate "2019.09.29"]
[EventType "team-tourn"]
[EventRounds "9"]
[EventCountry "GER"]
[SourceTitle "CBM 195 Extra"]
[Source "ChessBase"]
[SourceDate "2020.05.31"]
[SourceVersion "1"]
[SourceVersionDate "2020.05.31"]
[SourceQuality "1"]

1. d4 d5 2. c4 c6 3. Nf3 Nf6 4. e3 Bf5 5. Nc3 e6 6. Nh4 Be4 7. f3 Bg6 8. g3 Be7 9. Be2 0-0 10. 0-0 c5 11. cxd5 Nxd5 12. Nxg6 hxg6 13. e4 cxd4 14. exd5 dxc3 15. dxe6 Qb6+ 16. Kh1 cxb2 17. exf7+ Kh8 18. Bxb2 Qxb2 19. Bc4 Qf6 20. Rb1 Rd8 21. Qe2 Nd7 22. Rxb7 Ne5 23. Bb3 Bc5 24. Qg2 g5 25. Qh3+ Qh6 26. Qf5 Rd2 27. h4 Qa6 28. Re1 Re2 29. Rd1 Qxb7 30. Rd5 Qb4 0-1

[Event "Oberliga Nord O 1920"]
[Site "Germany"]
[Date "2020.01.18"]
[Round "6.8"]
[White "Holzapfel, Daniel"]
[Black "Silz, Elisa"]
[Result "1/2-1/2"]
[WhiteElo "2231"]
[BlackElo "2010"]
[PlyCount "63"]
[EventDate "2019.09.29"]
[EventType "team-tourn"]
[EventRounds "9"]
[EventCountry "GER"]
[SourceTitle "CBM 195 Extra"]
[Source "ChessBase"]
[SourceDate "2020.05.31"]
[SourceVersion "1"]
[SourceVersionDate "2020.05.31"]
[SourceQuality "1"]

1. d4 Nf6 2. Nf3 g6 3. c4 Bg7 4. Nc3 0-0 5. e4 d6 6. Be2 e5 7. 0-0 Nc6 8. dxe5 dxe5 9. Bg5 Bg4 10. Qxd8 Nxd8 11. Bxf6 Bxf6 12. Nd5 Bxf3 13. gxf3 Bg5 14. Nxc7 Rc8 15. Nd5 Ne6 16. Kg2 Rfd8 17. Rfd1 Kg7 18. b4 Nd4 19. Bd3 Ne6 20. c5 a6 21. Bc4 b5 22. Bf1 a5 23. a3 Nd4 24. f4 Bf6 25. fxe5 Bxe5 26. f4 Bf6 27. Nb6 Nc2 28. Rxd8 Rxd8 29. Rc1 Rd2+ 30. Kg3 Bd4 31. Bxb5 Nxa3 32. Ba4 1/2-1/2

[Event "BL2 West 1920 (Women)"]
[Site "Germany"]
[Date "2019.12.15"]
[Round "4.1"]
[White "Plass, Mariana Camelia"]
[Black "Silz, Elisa"]
[Result "1-0"]
[WhiteElo "2035"]
[BlackElo "2062"]
[PlyCount "75"]
[EventDate "2019.09.14"]
[EventType "team-tourn"]
[EventRounds "7"]
[EventCountry "GER"]
[SourceTitle "EXT 2021"]
[Source "ChessBase"]
[SourceDate "2020.10.23"]
[SourceVersion "1"]
[SourceVersionDate "2020.10.23"]
[SourceQuality "1"]
[WhiteTeam "Muelheim Nord (W)"]
[BlackTeam "Kiel Doppelbauer (W)"]
[WhiteTeamCountry "GER"]
[BlackTeamCountry "GER"]

1. d4 Nf6 2. c4 g6 3. Nc3 Bg7 4. e4 d6 5. h3 0-0 6. Nf3 e5 7. d5 a5 8. Bg5 h6 9. Be3 Na6 10. g4 Nd7 11. Qd2 Kh7 12. g5 h5 13. Be2 Ndc5 14. Rb1 Bd7 15. Kf1 Qe7 16. Kg2 c6 17. b3 Rfb8 18. a3 a4 19. bxa4 Qd8 20. Bd1 cxd5 21. cxd5 Qa5 22. Nb5 Qxd2 23. Nxd2 Bf8 24. Bc2 Rc8 25. Rhc1 Nc7 26. Nc4 Nxb5 27. axb5 Rd8 28. Rb4 Be8 29. a4 Be7 30. Nb6 Rab8 31. a5 Nd7 32. Nxd7 Rxd7 33. Bd3 Bd8 34. b6 h4 35. a6 bxa6 36. Bxa6 Be7 37. Bc8 Rd8 38. b7 1-0

[Event "Berlin Lichtenberger op 18th"]
[Site "Berlin"]
[Date "2019.08.24"]
[Round "8"]
[White "Silz, Elisa"]
[Black "Lieder, Guenter"]
[Result "1-0"]
[WhiteElo "2011"]
[BlackElo "1815"]
[PlyCount "119"]
[EventDate "2019.08.17"]
[EventType "swiss"]
[EventRounds "9"]
[EventCountry "GER"]
[SourceTitle "EXT 2020"]
[Source "ChessBase"]
[SourceDate "2019.10.17"]
[SourceVersion "1"]
[SourceVersionDate "2019.10.17"]
[SourceQuality "1"]

1. d4 g6 2. Nf3 Bg7 3. c4 d6 4. Nc3 Nf6 5. e4 c6 6. Be2 0-0 7. 0-0 Na6 8. h3 Nc7 9. Be3 b6 10. Qc2 Bb7 11. c5 Nd7 12. Rad1 Qe8 13. b4 dxc5 14. bxc5 bxc5 15. dxc5 Ba6 16. Bd3 Bxd3 17. Qxd3 Rd8 18. Qc4 Rb8 19. Rd2 e5 20. Qa4 Nf6 21. Qxa7 Nb5 22. Nxb5 Rxb5 23. Qa4 Qb8 24. Rd6 Rc8 25. Rfd1 Ne8 26. Rd7 Nf6 27. R7d2 Bf8 28. a3 Bxc5 29. Bh6 Bf8 30. Bg5 Kg7 31. Bxf6+ Kxf6 32. Rd7 Rb1 33. Rxb1 Qxb1+ 34. Kh2 Qa2 35. Qa6 Re8 36. Qxc6+ Kg7 37. Rd2 Qe6 38. Qxe6 Rxe6 39. a4 Kf6 40. Ra2 Ra6 41. Nd2 Ke6 42. Kg3 Bh6 43. Nc4 f5 44. Kf3 Rc6 45. Rc2 Ra6 46. a5 Bf8 47. Rb2 Bc5 48. Rb5 Bd4 49. g4 f4 50. Ke2 g5 51. Kd3 Bxf2 52. Rxe5+ Kf6 53. Rf5+ Kg6 54. Rd5 Ra7 55. Rd6+ Kg7 56. e5 Be1 57. a6 f3 58. Rb6 Ra8 59. Nd6 Bg3 60. Nf5+ 1-0

[Event "Berlin Lichtenberger op 18th"]
[Site "Berlin"]
[Date "2019.08.22"]
[Round "6"]
[White "Silz, Elisa"]
[Black "Seitz, Patrick"]
[Result "0-1"]
[WhiteElo "2011"]
[BlackElo "2130"]
[PlyCount "76"]
[EventDate "2019.08.17"]
[EventType "swiss"]
[EventRounds "9"]
[EventCountry "GER"]
[SourceTitle "EXT 2020"]
[Source "ChessBase"]
[SourceDate "2019.10.17"]
[SourceVersion "1"]
[SourceVersionDate "2019.10.17"]
[SourceQuality "1"]

1. d4 Nf6 2. Nf3 g6 3. c4 Bg7 4. Nc3 0-0 5. e4 d6 6. Be2 e5 7. 0-0 Nc6 8. d5 Ne7 9. Ne1 Ne8 10. Nd3 f5 11. Bd2 Nf6 12. f3 f4 13. c5 g5 14. cxd6 cxd6 15. Nf2 Rf7 16. Qc2 Ng6 17. Rfc1 a6 18. a4 h5 19. h3 Bf8 20. a5 g4 21. fxg4 hxg4 22. hxg4 Nh4 23. Qd1 Rg7 24. Na4 Nxg4 25. Rxc8 Nxf2 26. Rxd8 Rxg2+ 27. Kf1 Rxd8 28. Qb3 Nxe4 29. Be1 Ng3+ 30. Bxg3 fxg3 31. Ra3 Bh6 32. Qb6 Rf8+ 33. Ke1 Nf5 34. Bf3 Rh2 35. Qg1 Rc8 36. Rd3 e4 37. Qxh2 gxh2 38. Bxe4 Re8 0-1

[Event "Berlin Lichtenberger op 18th"]
[Site "Berlin"]
[Date "2019.08.21"]
[Round "5"]
[White "Wierzbicki, Jirawat"]
[Black "Silz, Elisa"]
[Result "1/2-1/2"]
[WhiteElo "2160"]
[BlackElo "2011"]
[PlyCount "84"]
[EventDate "2019.08.17"]
[EventType "swiss"]
[EventRounds "9"]
[EventCountry "GER"]
[SourceTitle "EXT 2020"]
[Source "ChessBase"]
[SourceDate "2019.10.17"]
[SourceVersion "1"]
[SourceVersionDate "2019.10.17"]
[SourceQuality "1"]

1. e4 c5 2. Nf3 d6 3. Bc4 e6 4. c3 Nf6 5. d3 Be7 6. Bb3 b6 7. 0-0 0-0 8. Re1 Bb7 9. Nbd2 Nbd7 10. Nf1 Re8 11. Ng3 Nf8 12. h3 Qc7 13. Qe2 Ba6 14. Nh2 Rac8 15. Bc2 d5 16. e5 N6d7 17. f4 f5 18. exf6 Nxf6 19. Ng4 N6d7 20. c4 Bh4 21. Kh2 d4 22. Rf1 Bxg3+ 23. Kxg3 e5 24. f5 h5 25. Nh2 Nf6 26. h4 Bb7 27. Kh3 e4 28. dxe4 Bxe4 29. Bxe4 Rxe4 30. Qf3 Rce8 31. Bf4 Qd7 32. g3 Qxf5+ 33. Kg2 Re2+ 34. Rf2 Qc2 35. Raf1 d3 36. Rxe2 Rxe2+ 37. Rf2 Ng4 38. Nxg4 hxg4 39. Qd5+ Ne6 40. Rxe2 Qxe2+ 41. Kg1 Qe1+ 42. Kg2 Qe2+ 1/2-1/2

[Event "Berlin Lichtenberger op 18th"]
[Site "Berlin"]
[Date "2019.08.20"]
[Round "4"]
[White "Silz, Elisa"]
[Black "Beyer, Nils"]
[Result "1-0"]
[WhiteElo "2011"]
[BlackElo "1832"]
[PlyCount "139"]
[EventDate "2019.08.17"]
[EventType "swiss"]
[EventRounds "9"]
[EventCountry "GER"]
[SourceTitle "EXT 2020"]
[Source "ChessBase"]
[SourceDate "2019.10.17"]
[SourceVersion "1"]
[SourceVersionDate "2019.10.17"]
[SourceQuality "1"]

1. d4 d5 2. c4 c6 3. Nf3 Nf6 4. e3 e6 5. Bd3 Nbd7 6. b3 c5 7. cxd5 Nxd5 8. 0-0 cxd4 9. Nxd4 Nc5 10. Bc4 Be7 11. Bb2 0-0 12. Nc3 Bf6 13. Rc1 Nxc3 14. Bxc3 Ne4 15. Bb4 Be7 16. Bxe7 Qxe7 17. Qc2 Nf6 18. Rfd1 Bd7 19. Qe2 Rfd8 20. Qf3 e5 21. Nf5 Bxf5 22. Qxf5 Rac8 23. h3 h6 24. a4 e4 25. Qa5 b6 26. Qa6 Rxd1+ 27. Rxd1 Rc5 28. b4 Rc7 29. Qb5 Rd7 30. Rxd7 Qxd7 31. Qxd7 Nxd7 32. Kf1 Kf8 33. Ke2 Ke7 34. Kd2 Kf6 35. Kc3 Ne5 36. Kd4 Nc6+ 37. Kc3 Ne5 38. Bb5 Ke6 39. Kd4 f5 40. Be2 Kd6 41. f3 Nc6+ 42. Kc3 exf3 43. gxf3 g5 44. Bd3 Ke5 45. Kc4 h5 46. Kb5 Nb8 47. a5 bxa5 48. bxa5 g4 49. f4+ Ke6 50. h4 g3 51. Bf1 Kd6 52. Bg2 Nd7 53. Ka6 Nb8+ 54. Kxa7 Nc6+ 55. Kb6 Nxa5 56. Kxa5 Kc5 57. Ka4 Kc4 58. e4 fxe4 59. Bxe4 Kd4 60. Bg2 Kc5 61. Kb3 Kd6 62. Kc4 Ke6 63. Kd4 Kf5 64. Ke3 Kg4 65. Ke4 Kxh4 66. f5 Kg4 67. f6 h4 68. f7 h3 69. Bf3+ Kh4 70. f8Q 1-0

[Event "Berlin Lichtenberger op 18th"]
[Site "Berlin"]
[Date "2019.08.17"]
[Round "1"]
[White "Massa, Pietro"]
[Black "Silz, Elisa"]
[Result "0-1"]
[WhiteElo "1677"]
[BlackElo "2011"]
[PlyCount "102"]
[EventDate "2019.08.17"]
[EventType "swiss"]
[EventRounds "9"]
[EventCountry "GER"]
[SourceTitle "EXT 2020"]
[Source "ChessBase"]
[SourceDate "2019.10.17"]
[SourceVersion "1"]
[SourceVersionDate "2019.10.17"]
[SourceQuality "1"]

1. d4 Nf6 2. Nf3 g6 3. Bf4 Bg7 4. e3 0-0 5. Nbd2 c5 6. c3 cxd4 7. exd4 Nc6 8. Be2 d6 9. h3 Re8 10. 0-0 e5 11. dxe5 dxe5 12. Bh2 e4 13. Ne1 Qe7 14. Nc2 Be6 15. Bc4 Rad8 16. Bxe6 Qxe6 17. Qe2 Bh6 18. Nc4 Nd5 19. N4e3 f5 20. Nxd5 Rxd5 21. Ne3 Rd3 22. Rfd1 Bxe3 23. fxe3 Red8 24. Rxd3 exd3 25. Qd2 Rd7 26. b3 a5 27. Rb1 b5 28. Bf4 Qe4 29. Rc1 Nd8 30. c4 b4 31. c5 Nc6 32. Rc4 Qd5 33. Bd6 a4 34. Kf2 axb3 35. axb3 Ra7 36. g4 fxg4 37. Rf4 g3+ 38. Kxg3 Rf7 39. Qf2 Qg5+ 40. Kh2 Rxf4 41. exf4 Qd5 42. Qa2 Nd4 43. Qa6 Kg7 44. Qa7+ Kf6 45. Qe7+ Kf5 46. Qg5+ Ke4 47. Qg2+ Nf3+ 48. Kg3 Kd4 49. Qb2+ Ke4 50. Qf2 Qh5 51. Be7 Nd4 0-1

[Event "GER-ch blitz (Women)"]
[Site "Magdeburg"]
[Date "2019.05.25"]
[Round "10"]
[White "Hofmann, Karina"]
[Black "Silz, Elisa"]
[Result "0-1"]
[WhiteElo "1700"]
[BlackElo "1977"]
[PlyCount "88"]
[EventDate "2019.05.25"]
[EventType "tourn (blitz)"]
[EventRounds "29"]
[EventCountry "GER"]
[SourceTitle "CBM 190 Extra"]
[Source "ChessBase"]
[SourceDate "2019.07.15"]
[SourceVersion "1"]
[SourceVersionDate "2019.07.15"]
[SourceQuality "1"]

1. f4 Nf6 2. Nf3 g6 3. e3 Bg7 4. Nc3 d5 5. b3 0-0 6. Bb2 c5 7. d4 Nc6 8. dxc5 e6 9. a3 Re8 10. Bd3 Ng4 11. Qd2 e5 12. fxe5 Ncxe5 13. 0-0-0 Nxd3+ 14. Qxd3 Nf2 15. Qxd5 Qxd5 16. Nxd5 Bxb2+ 17. Kxb2 Nxh1 18. Rxh1 Be6 19. Nc7 Rac8 20. Nxe8 Rxe8 21. Nd4 Bd5 22. Re1 Bxg2 23. Re2 Be4 24. c4 Rc8 25. b4 Bd3 26. Rd2 Bxc4 27. Kc3 Bd5 28. Nf5 gxf5 29. Rxd5 Re8 30. Kd4 Re4+ 31. Kd3 Rh4 32. b5 Rxh2 33. c6 bxc6 34. bxc6 Rh1 35. Rc5 Rd1+ 36. Ke2 Rd8 37. Rxf5 Rc8 38. Rc5 Kf8 39. Kd3 Ke7 40. Kc4 Kd6 41. Kb5 a6+ 42. Kb6 Rb8+ 43. Ka7 Kxc5 44. Kxb8 Kxc6 0-1

[Event "GER-ch blitz (Women)"]
[Site "Magdeburg"]
[Date "2019.05.25"]
[Round "8"]
[White "Muetsch, Annmarie"]
[Black "Silz, Elisa"]
[Result "1-0"]
[WhiteElo "2266"]
[BlackElo "1977"]
[PlyCount "89"]
[EventDate "2019.05.25"]
[EventType "tourn (blitz)"]
[EventRounds "29"]
[EventCountry "GER"]
[SourceTitle "CBM 190 Extra"]
[Source "ChessBase"]
[SourceDate "2019.07.15"]
[SourceVersion "1"]
[SourceVersionDate "2019.07.15"]
[SourceQuality "1"]

1. e4 g6 2. d4 Bg7 3. Nc3 d6 4. f4 Nf6 5. Nf3 0-0 6. Bd3 c5 7. dxc5 dxc5 8. 0-0 Nc6 9. e5 Nd5 10. Ne4 b6 11. c3 h6 12. Qe2 Bb7 13. Bd2 Rc8 14. Rad1 Qc7 15. Ng3 e6 16. Ne4 Nce7 17. Nd6 Rcd8 18. a3 Nf5 19. Nxb7 Qxb7 20. Be4 Qe7 21. Qf2 Rd7 22. g4 Nd6 23. exd6 Qxd6 24. Bc1 Qc7 25. Bxd5 exd5 26. Rfe1 Rfd8 27. Ne5 Re7 28. Nf3 Red7 29. f5 gxf5 30. gxf5 Kh8 31. Qh4 Qd6 32. Bf4 Qc6 33. Ne5 Bxe5 34. Bxe5+ Kh7 35. Bg3 d4 36. c4 b5 37. cxb5 Qxb5 38. Qe4 d3 39. f6+ Kh8 40. Qf4 Kh7 41. Qf5+ Kh8 42. Qh5 Kh7 43. Re7 Qc4 44. Qf5+ Kh8 45. Rxd7 1-0

[Event "GER-ch blitz (Women)"]
[Site "Magdeburg"]
[Date "2019.05.25"]
[Round "12"]
[White "Rath, Alina"]
[Black "Silz, Elisa"]
[Result "1-0"]
[WhiteElo "2042"]
[BlackElo "1977"]
[PlyCount "98"]
[EventDate "2019.05.25"]
[EventType "tourn (blitz)"]
[EventRounds "29"]
[EventCountry "GER"]
[SourceTitle "CBM 190 Extra"]
[Source "ChessBase"]
[SourceDate "2019.07.15"]
[SourceVersion "1"]
[SourceVersionDate "2019.07.15"]
[SourceQuality "1"]

1. c4 Nf6 2. Nc3 g6 3. g3 Bg7 4. Bg2 d6 5. e4 0-0 6. Nge2 e5 7. 0-0 c6 8. d3 a6 9. h3 b5 10. b3 Nbd7 11. Be3 b4 12. Na4 c5 13. Qd2 Bb7 14. Kh2 Ne8 15. Bh6 Qc7 16. Bxg7 Kxg7 17. f4 f5 18. exf5 Bxg2 19. Kxg2 Rxf5 20. g4 Rf8 21. Qe3 Nef6 22. f5 Qc6+ 23. Kh2 d5 24. g5 Nh5 25. f6+ Kh8 26. Rac1 d4 27. Qf3 Qe6 28. Rce1 Qd6 29. Kh1 Rae8 30. Ng3 e4 31. Nxe4 Rxe4 32. Rxe4 Ng3+ 33. Kg2 Nxf1 34. Kxf1 Ne5 35. Qf4 Nf7 36. Qxd6 Nxd6 37. Re6 Nf7 38. h4 h6 39. gxh6 Nxh6 40. Nxc5 Ng4 41. Nd7 Rf7 42. Re8+ Kh7 43. Kg2 Ne3+ 44. Kf3 Nf5 45. Rd8 Ne3 46. Nf8+ Rxf8 47. Rxf8 Nd1 48. Rf7+ Kg8 49. Ra7 Nb2 1-0